[Event "Solingen Karneval op"]
[Site "Solingen"]
[Date "2016.02.06"]
[Round "2"]
[White "Spradley, Julian"]
[Black "Rosenauer, Horst"]
[Result "1/2-1/2"]
[WhiteElo "1744"]
[BlackElo "1948"]
[PlyCount "116"]
[EventDate "2016.02.05"]
[EventType "swiss"]
[EventRounds "5"]
[EventCountry "GER"]
[SourceTitle "EXT 2018"]
[Source "ChessBase"]
[SourceDate "2017.10.13"]
[SourceVersion "1"]
[SourceVersionDate "2017.10.13"]
[SourceQuality "1"]

1. d4 Nf6 2. Bg5 Ne4 3. Bf4 d5 4. e3 Nd7 5. Bd3 Ndf6 6. f3 Nd6 7. g4 e6 8. c3 Bd7 9. Nd2 Bc6 10. Qc2 h6 11. Nh3 Be7 12. Nf2 Qd7 13. 0-0-0 Ba4 14. b3 Bb5 15. e4 Bxd3 16. Qxd3 Nb5 17. Nb1 c5 18. e5 Ng8 19. Kd2 cxd4 20. cxd4 Bb4+ 21. Ke2 Ne7 22. a4 Nc7 23. Bd2 Nc6 24. Nc3 a6 25. Rc1 Ba3 26. Rb1 Be7 27. Qe3 Bg5 28. f4 Be7 29. Nd3 g6 30. Qf2 Nb4 31. Nxb4 Bxb4 32. Na2 Bxd2 33. Kxd2 Qe7 34. Rhc1 h5 35. g5 0-0 36. Rc3 Qa3 37. Ke1 Ne8 38. Qb2 Qe7 39. Rbc1 Ng7 40. Rc7 Qd8 41. Rxb7 Rc8 42. Rxc8 Qxc8 43. Rb6 Nf5 44. Kd2 Qc7 45. a5 Rc8 46. Nb4 Nxd4 47. Qxd4 Qc1+ 48. Ke2 Qh1 49. Nc6 Kg7 50. Rxa6 Qg2+ 51. Ke1 Qh1+ 52. Ke2 Qxh2+ 53. Kd1 Qh1+ 54. Ke2 Qg2+ 55. Qf2 Qe4+ 56. Kd2 Qb1 57. Rb6 Qb2+ 58. Ke1 Qc1+ 1/2-1/2

[Event "Cologne Longerich op 8th"]
[Site "Cologne"]
[Date "2011.08.13"]
[Round "2"]
[White "Schmidt, Johannes"]
[Black "Spradley, Julian"]
[Result "1-0"]
[WhiteElo "2100"]
[BlackElo "1918"]
[PlyCount "51"]
[EventDate "2011.08.12"]
[EventType "swiss"]
[EventRounds "5"]
[EventCountry "GER"]
[SourceTitle "CBM 144 Extra"]
[Source "ChessBase"]
[SourceDate "2011.10.28"]
[SourceVersion "1"]
[SourceVersionDate "2011.10.28"]
[SourceQuality "1"]

1. c4 c6 2. Nf3 d5 3. b3 Bf5 4. g3 e6 5. Bb2 Nf6 6. Bg2 Nbd7 7. 0-0 Bd6 8. Nc3 0-0 9. d3 e5 10. cxd5 cxd5 11. Nb5 Qb6 12. Nxd6 Qxd6 13. e4 Be6 14. Qe2 dxe4 15. dxe4 Bg4 16. h3 Bxf3 17. Bxf3 Rfc8 18. Rac1 Qb6 19. Bg2 Nc5 20. Rcd1 Qe6 21. f4 Nfd7 22. Rd2 f6 23. Rfd1 Rc7 24. Rd6 Qe8 25. Qc4+ Kh8 26. b4 1-0

[Event "Gatwick e2e4 op-B"]
[Site "Gatwick"]
[Date "2011.06.19"]
[Round "5"]
[White "Spradley, Julian"]
[Black "Adebajo, Olufemi"]
[Result "1-0"]
[WhiteElo "1611"]
[BlackElo "1973"]
[PlyCount "113"]
[EventDate "2011.06.17"]
[EventType "swiss"]
[EventRounds "5"]
[EventCountry "ENG"]
[SourceTitle "EXT 2014"]
[Source "ChessBase"]
[SourceDate "2013.11.20"]
[SourceVersion "1"]
[SourceVersionDate "2013.11.20"]
[SourceQuality "1"]

1. e4 c5 2. Nc3 Nc6 3. Bb5 Nd4 4. Bc4 g6 5. f4 Bg7 6. Nf3 d6 7. 0-0 e6 8. e5 Nxf3+ 9. Qxf3 d5 10. Bb5+ Bd7 11. d3 Ne7 12. Bxd7+ Qxd7 13. Bd2 0-0 14. Ne2 Rac8 15. g4 f6 16. exf6 Bxf6 17. c3 b6 18. Rae1 Rce8 19. Kh1 Nc6 20. Qg3 Qd8 21. g5 Bh8 22. Qg4 Qd6 23. Ng3 b5 24. Re2 Re7 25. Rfe1 Rfe8 26. Bc1 b4 27. Bd2 a5 28. a3 bxa3 29. bxa3 a4 30. f5 exf5 31. Qxa4 Be5 32. d4 Bxg3 33. Rxe7 Rxe7 34. Rxe7 Nxe7 35. hxg3 Kf7 36. Bf4 Qb6 37. dxc5 Qb1+ 38. Kg2 Qb2+ 39. Kf3 Qxc3+ 40. Be3 Qd3 41. Kf2 Qe4 42. Qb4 Qd3 43. a4 Qc2+ 44. Ke1 Qe4 45. Qb3 Qf3 46. Qc3 Qxg3+ 47. Kd2 Qg2+ 48. Kc1 Qf1+ 49. Kb2 Qe2+ 50. Ka3 Ke8 51. c6 Kd8 52. Bb6+ Ke8 53. Qh8+ Kf7 54. Qc3 Qe6 55. a5 Nxc6 56. a6 Qd6+ 57. Bc5 1-0

[Event "Leipzig VfB op 14th"]
[Site "Leipzig"]
[Date "2007.03.21"]
[Round "3"]
[White "Spradley, Julian"]
[Black "Reimann, Hubert"]
[Result "0-1"]
[WhiteElo "1447"]
[BlackElo "1956"]
[PlyCount "49"]
[EventDate "2007.03.20"]
[EventType "swiss"]
[EventRounds "9"]
[EventCountry "GER"]
[SourceTitle "EXT 2008"]
[Source "ChessBase"]
[SourceDate "2007.11.25"]
[SourceVersion "1"]
[SourceVersionDate "2007.11.25"]
[SourceQuality "1"]

1. e4 c5 2. Nf3 d6 3. d4 cxd4 4. Nxd4 Nf6 5. Nc3 a6 6. Bd3 e5 7. Nb3 Be7 8. Bg5 Nbd7 9. 0-0 b5 10. Nd2 Bb7 11. b4 Qc7 12. Ne2 d5 13. exd5 Bxd5 14. Bxf6 Nxf6 15. c3 e4 16. Bc2 Bd6 17. h3 0-0 18. Bb3 Bb7 19. Qc2 Rac8 20. a3 Be5 21. Rac1 Rfd8 22. Nb1 Rd3 23. Rfd1 Qd7 24. f4 Bb8 25. Nd4 0-1